00466nam a2200181Ia 4500999001700000003000400017005001700021008004100038040000900079082001500088100002300103245003400126250001200160260005500172300000900227650001200236942003600248 c20955d20955OSt20200618140735.0190216s9999||||xx |||||||||||||| ||und|| coclc a954bKHU/I aKhurana, K L93055 0aIndian History /cK L Khurana a1st Ed. bLakshmi Narain Agarwal Publications,aAgra:c2001. a937p aHistory cBK2ddch954iKHU/Ik954mKHU/I